[Event "CCM8 - 15. ORDIX Open"]
[Site "Mainz"]
[Date "2008.??.??"]
[Round "3"]
[White "Nakamura, Hikaru"]
[Black "Postojev, Alexander"]
[Result "1-0"]
[WhiteElo "2697"]
[BlackElo "2364"]
[PlyCount "53"]
[EventDate "2008.??.??"]
[EventType "rapid"]
[EventRounds "11"]
[EventCountry "GER"]
[Source "Mike Rosa"]
[SourceDate "2009.01.01"]

1. e4 c5 2. Nf3 Nc6 3. Nc3 a6 4. d4 cxd4 5. Nxd4 e5 6. Nde2 d6 7. g3 Be7 8. Bg2
Nf6 9. h3 h6 10. O-O O-O 11. Be3 Be6 12. Qd2 Qd7 13. Kh2 b5 14. b3 Qb7 15. f4
Rad8 16. f5 Bc8 17. g4 b4 18. Nd5 Nxd5 19. exd5 Nb8 20. f6 Bxf6 21. Rxf6 gxf6
22. Bxh6 Rfe8 23. Rf1 Qe7 24. Ng3 a5 25. Nh5 Nd7 26. Nxf6+ Kh8 (26... Nxf6 27.
Qg5+ $18) 27. Bg7+ 1-0

[Event "CCM8 - 15. ORDIX Open"]
[Site "Mainz"]
[Date "2008.??.??"]
[Round "4"]
[White "Almasi, Zoltan"]
[Black "Bokros, Albert"]
[Result "1-0"]
[WhiteElo "2675"]
[BlackElo "2476"]
[PlyCount "51"]
[EventDate "2008.??.??"]
[EventType "rapid"]
[EventRounds "11"]
[EventCountry "GER"]
[Source "Mike Rosa"]
[SourceDate "2009.01.01"]

1. e4 c5 2. Nf3 e6 3. d4 cxd4 4. Nxd4 Nf6 5. Nc3 Nc6 6. Ndb5 d6 7. Bf4 e5 8.
Bg5 a6 9. Na3 b5 10. Bxf6 gxf6 11. Nd5 Bg7 12. Bd3 Ne7 13. Nxe7 Qxe7 14. O-O
O-O 15. c4 f5 16. Qf3 d5 17. cxd5 fxe4 18. Bxe4 Rb8 19. Rfd1 Rb6 20. Rac1 Rd6
21. Bxh7+ Kxh7 22. Rxc8 Rxc8 23. Qf5+ Rg6 24. Qxc8 e4 25. Nc2 Bxb2 26. Ne3 1-0

[Event "CCM8 - 15. ORDIX Open"]
[Site "Mainz"]
[Date "2008.??.??"]
[Round "4"]
[White "Eljanov, Pavel"]
[Black "Farago, Ivan"]
[Result "1/2-1/2"]
[WhiteElo "2716"]
[BlackElo "2482"]
[PlyCount "116"]
[EventDate "2008.??.??"]
[EventType "rapid"]
[EventRounds "11"]
[EventCountry "GER"]
[Source "Mike Rosa"]
[SourceDate "2009.01.01"]

1. d4 Nf6 2. c4 e6 3. Nc3 Bb4 4. Qc2 d5 5. cxd5 exd5 6. Bg5 h6 7. Bh4 c5 8. Nf3
Nc6 9. dxc5 g5 10. Bg3 Ne4 11. e3 Qa5 12. Nd2 Nxc3 13. bxc3 Bxc3 14. Rb1 Qxc5
15. Rb5 Qa3 16. Rb3 Bxd2+ 17. Qxd2 Qa5 18. Qxa5 Nxa5 19. Rb5 Nc6 20. h4 g4 21.
h5 d4 22. e4 O-O 23. Kd2 b6 24. Bd3 Ba6 25. Rbb1 Bxd3 26. Kxd3 f5 27. exf5 Rxf5
28. Rh4 Kh7 29. Rxg4 Rxh5 30. Re1 Rc8 31. Bd6 Rd8 32. Bf4 Rdd5 33. Re6 Ne5+ 34.
Bxe5 Rhxe5 35. Rxe5 Rxe5 36. Rxd4 Ra5 37. a4 Kg6 38. Ke4 h5 39. f4 Kf6 40. g3
b5 41. axb5 Rxb5 42. Rd6+ Ke7 43. Ra6 Rb3 44. Rxa7+ Kf6 45. Ra6+ Kf7 46. Kf5
Rb5+ 47. Ke4 Rb3 48. Ra7+ Kf6 49. Ra6+ Kg7 50. Kf5 Rxg3 51. Ra7+ Kh6 52. Ke5 h4
53. f5 h3 54. Ra8 Kh5 55. f6 Rf3 56. Ke6 Kg4 57. f7 Rxf7 58. Kxf7 h2 1/2-1/2

[Event "CCM8 - 15. ORDIX Open"]
[Site "Mainz"]
[Date "2008.??.??"]
[Round "4"]
[White "Fressinet, Laurent"]
[Black "Wippermann, Till"]
[Result "0-1"]
[WhiteElo "2673"]
[BlackElo "2459"]
[PlyCount "100"]
[EventDate "2008.??.??"]
[EventType "rapid"]
[EventRounds "11"]
[EventCountry "GER"]
[Source "Mike Rosa"]
[SourceDate "2009.01.01"]

1. e4 c5 2. Nf3 Nc6 3. Bb5 g6 4. O-O Bg7 5. c3 Nf6 6. e5 Nd5 7. d4 cxd4 8. cxd4
O-O 9. Nc3 Nc7 10. Re1 Nxb5 11. Nxb5 a6 12. Nc3 d6 13. exd6 exd6 14. Bg5 Qa5
15. d5 Ne5 16. Nxe5 dxe5 17. Be7 Re8 18. d6 Be6 19. Qf3 Rab8 20. Rad1 f5 21.
Nd5 e4 22. Qb3 Kf7 23. Re2 Be5 24. Qb6 Qxb6 25. Nxb6 Bxa2 26. Nd7 Bg7 27. Nxb8
Rxb8 28. Rc1 Ke6 29. f3 Bd5 30. fxe4 fxe4 31. Rd1 Bc6 32. Bh4 Kd7 33. Rf2 Rf8
34. Rxf8 Bxf8 35. Be1 Bb5 36. Kf2 Bd3 37. Bb4 Bh6 38. Ke1 b6 39. g3 a5 40. Bd2
Bg7 41. Bc3 Bxc3+ 42. bxc3 Kxd6 43. Kd2 Kc5 44. Ra1 Kc4 45. h4 Kb3 46. h5 a4
47. hxg6 hxg6 48. Kc1 a3 49. g4 e3 50. Kd1 Kb2 0-1

[Event "CCM8 - 15. ORDIX Open"]
[Site "Mainz"]
[Date "2008.??.??"]
[Round "4"]
[White "Najer, Evgeniy"]
[Black "De Jong, Jan Willem"]
[Result "1-0"]
[WhiteElo "2680"]
[BlackElo "2479"]
[PlyCount "31"]
[EventDate "2008.??.??"]
[EventType "rapid"]
[EventRounds "11"]
[EventCountry "GER"]
[Source "Mike Rosa"]
[SourceDate "2009.01.01"]

1. e4 e5 2. Nf3 Nc6 3. Nc3 Nf6 4. Bb5 Nd4 5. Bc4 Nxf3+ 6. gxf3 d6 7. d4 exd4 8.
Qxd4 Be6 9. Rg1 Bxc4 10. Qxc4 Qd7 11. Be3 Qc6 12. Qb3 Nd7 13. O-O-O O-O-O 14.
Qxf7 Ne5 15. Qe6+ Kb8 16. Qxe5 1-0

[Event "CCM8 - 15. ORDIX Open"]
[Site "Mainz"]
[Date "2008.??.??"]
[Round "4"]
[White "Schneider, Ilja"]
[Black "Kasimdzhanov, Rustam"]
[Result "1/2-1/2"]
[WhiteElo "2486"]
[BlackElo "2679"]
[PlyCount "114"]
[EventDate "2008.??.??"]
[EventType "rapid"]
[EventRounds "11"]
[EventCountry "GER"]
[Source "Mike Rosa"]
[SourceDate "2009.01.01"]

1. e4 d6 2. d4 g6 3. Nc3 c6 4. a4 Bg7 5. g3 Nf6 6. Bg2 O-O 7. Nge2 e5 8. dxe5
dxe5 9. Qxd8 Rxd8 10. O-O Na6 11. Nd1 Be6 12. Ne3 Nb4 13. b3 Ng4 14. Nxg4 Bxg4
15. f3 Nxc2 16. Rb1 Be6 17. Rb2 Nb4 18. Be3 b6 19. Rd2 Rxd2 20. Bxd2 Nd3 21. b4
Bf8 22. Rb1 Ba2 23. Ra1 Bc4 24. Bf1 Nxb4 25. Rc1 Be6 26. Bxb4 Bxb4 27. Rxc6
Bc5+ 28. Kg2 Bd7 29. Rc7 Bxa4 30. Nc3 Bb3 31. Ba6 Kg7 32. Nd5 Ba4 33. Bb7 Rd8
34. Ba6 Rd7 35. Rc8 Bb3 36. Bb5 Rxd5 37. exd5 Bxd5 38. Ba6 e4 39. fxe4 Bxe4+
40. Kf1 Kf6 41. Rc7 Bd5 42. Rxa7 Ke5 43. Ke2 h5 44. Bd3 Be6 45. Ra4 Bd5 46. Ra7
Be6 47. Ra4 Bg4+ 48. Kf1 Bf3 49. Rf4 Bd5 50. Bc4 Bxc4+ 51. Rxc4 Kd5 52. Rf4 Ke6
53. Ke2 b5 54. Kd3 f5 55. Rf1 Kf6 56. Rc1 Bf8 57. Rc6+ Kf7 1/2-1/2

[Event "CCM8 - 15. ORDIX Open"]
[Site "Mainz"]
[Date "2008.??.??"]
[Round "4"]
[White "Siebrecht, Sebastian"]
[Black "Naiditsch, Arkadij"]
[Result "0-1"]
[WhiteElo "2453"]
[BlackElo "2669"]
[PlyCount "84"]
[EventDate "2008.??.??"]
[EventType "rapid"]
[EventRounds "11"]
[EventCountry "GER"]
[Source "Mike Rosa"]
[SourceDate "2009.01.01"]

1. d4 Nf6 2. Nf3 e6 3. e3 b6 4. Bd3 Bb7 5. O-O c5 6. c4 Be7 7. Nc3 cxd4 8. exd4
d5 9. cxd5 Nxd5 10. Bb5+ Bc6 11. Qa4 Qd7 12. Bxc6 Nxc6 13. Nxd5 Qxd5 14. Be3
O-O 15. Rac1 Rfc8 16. a3 Bd6 17. Rc3 Rc7 18. Rfc1 Rac8 19. h3 h6 20. Qa6 b5 21.
b4 Kh7 22. Rc5 Bxc5 23. Rxc5 Nb8 24. Rxd5 Nxa6 25. Rxb5 Re7 26. Ra5 Nb8 27. b5
a6 28. b6 Rb7 29. d5 exd5 30. Rxd5 Nd7 31. Rd6 Rcb8 32. Nd4 Nxb6 33. Nc6 Nc8
34. Rd8 Ra8 35. Ne5 Rc7 36. Rf8 Nb6 37. Rxf7 Rxf7 38. Nxf7 Nc4 39. Bc5 Rc8 40.
Be7 Rc7 41. Nd6 Nd2 42. Bf8 Kg8 0-1

[Event "CCM8 - 15. ORDIX Open"]
[Site "Mainz"]
[Date "2008.??.??"]
[Round "4"]
[White "Tregubov, Pavel"]
[Black "Meins, Gerlef"]
[Result "1-0"]
[WhiteElo "2668"]
[BlackElo "2460"]
[PlyCount "103"]
[EventDate "2008.??.??"]
[EventType "rapid"]
[EventRounds "11"]
[EventCountry "GER"]
[Source "Mike Rosa"]
[SourceDate "2009.01.01"]

1. d4 d5 2. c4 dxc4 3. e3 Nf6 4. Bxc4 e6 5. Nf3 c5 6. O-O a6 7. Bb3 Nc6 8. Nc3
Be7 9. dxc5 Qxd1 10. Rxd1 Bxc5 11. Bd2 Bd7 12. Rac1 Ba7 13. Be1 O-O 14. Na4
Rfd8 15. Nc5 Bxc5 16. Rxc5 Be8 17. Rcc1 Rxd1 18. Rxd1 Rd8 19. Rxd8 Nxd8 20. Ne5
Bc6 21. Nxc6 Nxc6 22. f3 Nd7 23. Kf2 Nc5 24. Bc2 a5 25. a3 b6 26. Bc3 f6 27. g4
Kf7 28. h4 h6 29. Ke2 e5 30. f4 b5 31. fxe5 fxe5 32. h5 b4 33. Bg6+ Ke6 34. Be1
Kd6 35. Kd1 bxa3 36. bxa3 Kd5 37. Kc2 a4 38. Bc3 Ne4 39. Bf7+ Kd6 40. Be8 Nf6
41. Bg6 Nxg4 42. Kd3 Nf6 43. Kc4 Ng4 44. e4 Nf6 45. Kb5 Ne7 46. Bb4+ Ke6 47.
Bxe7 Kxe7 48. Kxa4 Kd6 49. Kb5 Nd7 50. a4 Nc5 51. a5 Ne6 52. Kb6 1-0

[Event "CCM8 - 15. ORDIX Open"]
[Site "Mainz"]
[Date "2008.??.??"]
[Round "4"]
[White "Zhukova, Natalia"]
[Black "Movsesian, Sergei"]
[Result "0-1"]
[WhiteElo "2489"]
[BlackElo "2723"]
[PlyCount "62"]
[EventDate "2008.??.??"]
[EventType "rapid"]
[EventRounds "11"]
[EventCountry "GER"]
[Source "Mike Rosa"]
[SourceDate "2009.01.01"]

1. d4 Nf6 2. c4 e6 3. Nf3 d5 4. Nc3 Bb4 5. cxd5 exd5 6. Bg5 Nbd7 7. e3 O-O 8.
Bd3 c5 9. O-O Bxc3 10. bxc3 c4 11. Bf5 h6 12. Bh4 Nb6 13. Bxc8 Rxc8 14. a4 Nbd7
15. a5 Qc7 16. Nd2 b5 17. axb6 axb6 18. Qc2 Qb7 19. Qf5 Ra8 20. Rab1 Ra2 21.
Nf3 Ne4 22. Rfc1 Qc6 23. h3 Rfa8 24. Ne5 Nxe5 25. Qxe5 Nd2 26. Rb4 Ra1 27. Rxa1
Rxa1+ 28. Kh2 Qg6 29. Qe8+ Kh7 30. g4 Nf3+ 31. Kg3 Nxh4 0-1

[Event "CCM8 - 15. ORDIX Open"]
[Site "Mainz"]
[Date "2008.??.??"]
[Round "5"]
[White "Cmilyte, Viktorija"]
[Black "Najer, Evgeniy"]
[Result "0-1"]
[WhiteElo "2536"]
[BlackElo "2680"]
[PlyCount "64"]
[EventDate "2008.??.??"]
[EventType "rapid"]
[EventRounds "11"]
[EventCountry "GER"]
[Source "Mike Rosa"]
[SourceDate "2009.01.01"]

1. d4 d5 2. c4 c6 3. Nf3 Nf6 4. e3 Bg4 5. Qb3 Qb6 6. Ne5 Bf5 7. c5 Qc7 8. Nc3
Nbd7 9. f4 e6 10. Bd2 Be7 11. Rc1 O-O 12. Be2 Nxe5 13. fxe5 Ne4 14. Nxe4 Bxe4
15. O-O f6 16. exf6 Bxf6 17. Be1 e5 18. Bg3 Qe7 19. Rce1 exd4 20. Bd6 Qe6 21.
Bxf8 Rxf8 22. exd4 Bxd4+ 23. Kh1 Rxf1+ 24. Bxf1 Bxg2+ 25. Kxg2 Qxe1 26. Qc2 g6
27. a3 Qa1 28. b4 Qxa3 29. Qe2 Qb2 30. Qxb2 Bxb2 31. b5 Kf8 32. bxc6 bxc6 0-1

[Event "CCM8 - 15. ORDIX Open"]
[Site "Mainz"]
[Date "2008.??.??"]
[Round "5"]
[White "Glek, Igor"]
[Black "Ruck, Robert"]
[Result "1/2-1/2"]
[WhiteElo "2512"]
[BlackElo "2574"]
[PlyCount "99"]
[EventDate "2008.??.??"]
[EventType "rapid"]
[EventRounds "11"]
[EventCountry "GER"]
[Source "Mike Rosa"]
[SourceDate "2009.01.01"]

1. e4 c6 2. d4 d5 3. e5 Bf5 4. c4 e6 5. Nc3 Ne7 6. a3 dxc4 7. Bxc4 Nd7 8. Nge2
Nb6 9. Bb3 Qd7 10. O-O Bg6 11. Be3 Nf5 12. a4 a5 13. Ng3 Nxg3 14. hxg3 Be7 15.
f4 h5 16. Qe2 Bf5 17. Qf2 g6 18. Rac1 Kf8 19. Bc2 Bxc2 20. Rxc2 Kg7 21. Qf3
Rad8 22. Bf2 Nd5 23. Ne4 Ra8 24. b3 Ra6 25. Re2 Rb6 26. Be1 Ra6 27. g4 hxg4 28.
Qxg4 Raa8 29. g3 Rh5 30. Kg2 Rah8 31. Rg1 Rh2+ 32. Kf1 b6 33. Qf3 Nb4 34. Rxh2
Rxh2 35. Bf2 Qc8 36. g4 Qa6+ 37. Qe2 Qxe2+ 38. Kxe2 Kf8 39. Kf3 Ke8 40. Kg3 Rh8
41. Kg2 Kd7 42. Rd1 Nd5 43. Kf3 Rh2 44. Kg3 Rh8 45. Kf3 Rh3+ 46. Bg3 Bh4 47.
Rd2 Nc3 48. Rh2 Rxh2 49. Bxh2 Nxe4 50. Kxe4 1/2-1/2

[Event "CCM8 - 15. ORDIX Open"]
[Site "Mainz"]
[Date "2008.??.??"]
[Round "5"]
[White "Hracek, Zbynek"]
[Black "Kosteniuk, Alexandra"]
[Result "0-1"]
[WhiteElo "2630"]
[BlackElo "2510"]
[PlyCount "58"]
[EventDate "2008.??.??"]
[EventType "rapid"]
[EventRounds "11"]
[EventCountry "GER"]
[Source "Mike Rosa"]
[SourceDate "2009.01.01"]

1. c4 e5 2. Nc3 Nf6 3. e3 d5 4. cxd5 Nxd5 5. Nf3 Nc6 6. d3 Be6 7. Be2 Be7 8.
O-O O-O 9. Bd2 Nb6 10. Rc1 f5 11. a3 a6 12. Na4 Nd7 13. b4 Qe8 14. Bc3 Qg6 15.
Bb2 e4 16. Ne1 Qf7 17. dxe4 fxe4 18. Qc2 Qg6 19. g3 Nde5 20. Bxe5 Nxe5 21. Nc5
Bh3 22. Nxb7 Bxf1 23. Bxf1 Ng4 24. Qc4+ Kh8 25. Rc2 Bg5 26. Nc5 Nxf2 27. Ne6
Bxe3 28. Nxf8 Rxf8 29. Kg2 Qf5 0-1

[Event "CCM8 - 15. ORDIX Open"]
[Site "Mainz"]
[Date "2008.??.??"]
[Round "5"]
[White "Lahno, Kateryna"]
[Black "Vaganjan, Rafael"]
[Result "0-1"]
[WhiteElo "2515"]
[BlackElo "2610"]
[PlyCount "132"]
[EventDate "2008.??.??"]
[EventType "rapid"]
[EventRounds "11"]
[EventCountry "GER"]
[Source "Mike Rosa"]
[SourceDate "2009.01.01"]

1. e4 e6 2. d4 d5 3. Nc3 Bb4 4. exd5 exd5 5. Bd3 Nf6 6. Nge2 O-O 7. O-O Bg4 8.
f3 Bh5 9. a3 Bxc3 10. Nxc3 Bg6 11. Bxg6 hxg6 12. Bg5 c6 13. Qd2 Nbd7 14. Rae1
Qb6 15. b3 Rfe8 16. Na4 Qb5 17. Bxf6 gxf6 18. h4 Nf8 19. h5 gxh5 20. Qh6 Qa5
21. Rxe8 Rxe8 22. Qxh5 Qd2 23. c3 Ng6 24. f4 Qe3+ 25. Rf2 Qg3 26. Qf3 Re1+ 27.
Rf1 Qxf3 28. gxf3 Re2 29. Rf2 Re3 30. Rg2 Rxf3 31. Nc5 b6 32. Nd7 Kg7 33. f5
Rxf5 34. Nb8 c5 35. Nc6 Rf3 36. Rc2 cxd4 37. Nxd4 Rd3 38. Nf5+ Kf8 39. c4 Rf3
40. Nd4 Rf4 41. Ne2 Rg4+ 42. Kf2 dxc4 43. bxc4 Ne5 44. c5 bxc5 45. Ke3 Rc4 46.
Rb2 Ra4 47. Rb7 f5 48. Rc7 Ng6 49. Rxc5 f4+ 50. Kf3 Rxa3+ 51. Kg4 f3 52. Ng3 f2
53. Rf5 Ra4+ 54. Kg5 Rf4 55. Rxf4 Nxf4 56. Kxf4 a5 57. Ke4 a4 58. Kd3 Ke7 59.
Kc4 Ke6 60. Kb4 Ke5 61. Kxa4 Kf4 62. Nf1 Kf3 63. Kb3 Ke2 64. Ng3+ Kd3 65. Kb2
f5 66. Kc1 f4 0-1

[Event "CCM8 - 15. ORDIX Open"]
[Site "Mainz"]
[Date "2008.??.??"]
[Round "5"]
[White "Motylev, Alexander"]
[Black "Horvath, Adam"]
[Result "0-1"]
[WhiteElo "2675"]
[BlackElo "2513"]
[PlyCount "86"]
[EventDate "2008.??.??"]
[EventType "rapid"]
[EventRounds "11"]
[EventCountry "GER"]
[Source "Mike Rosa"]
[SourceDate "2009.01.01"]

1. e4 c5 2. Nf3 e6 3. d4 cxd4 4. Nxd4 Nc6 5. Nc3 Qc7 6. Be3 a6 7. Qd2 Nf6 8.
O-O-O Bb4 9. f3 Ne5 10. Nb3 b5 11. Qe1 Be7 12. f4 Ng6 13. e5 Ng4 14. Ne4 O-O
15. h3 Nxe3 16. Qxe3 Bb7 17. g3 d5 18. exd6 Bxd6 19. Rh2 Bxe4 20. Qxe4 Ne7 21.
Rhd2 Rad8 22. Kb1 Nd5 23. c4 bxc4 24. Bxc4 Bb4 25. Rd4 Bc3 26. R4d3 Bf6 27. f5
exf5 28. Qf3 Qxc4 29. Rxd5 Rxd5 30. Rxd5 Rc8 31. Qxf5 g6 32. Qd3 Qb4 33. Qf3
Kg7 34. Rd1 Qb5 35. Rd5 Qc6 36. Qd3 Qb6 37. Qf1 Qe6 38. Rd3 Qe5 39. Qf2 a5 40.
Re3 Qd5 41. Rf3 a4 42. Nd2 Qe5 43. Nf1 Qe4+ 0-1

[Event "CCM8 - 15. ORDIX Open"]
[Site "Mainz"]
[Date "2008.??.??"]
[Round "5"]
[White "Movsesian, Sergei"]
[Black "Berelovich, Aleksandar"]
[Result "1-0"]
[WhiteElo "2723"]
[BlackElo "2557"]
[PlyCount "85"]
[EventDate "2008.??.??"]
[EventType "rapid"]
[EventRounds "11"]
[EventCountry "GER"]
[Source "Mike Rosa"]
[SourceDate "2009.01.01"]

1. e4 e6 2. d4 d5 3. e5 c5 4. c3 Nc6 5. Nf3 Bd7 6. Be2 Nge7 7. Na3 cxd4 8. cxd4
Nf5 9. Nc2 Nb4 10. O-O Nxc2 11. Qxc2 Rc8 12. Qd3 Qb6 13. h4 a6 14. a4 Bb4 15.
h5 h6 16. Bf4 a5 17. Rfc1 Rc6 18. g4 Ne7 19. Be3 Rxc1+ 20. Bxc1 Nc6 21. Be3 Be7
22. b3 Nb4 23. Qd2 Nc6 24. Bd1 Kd8 25. Kg2 Kc7 26. Ng1 Kb8 27. Ne2 Rc8 28. f4
Nb4 29. Rc1 Rxc1 30. Nxc1 Qc7 31. Ne2 b6 32. Ng3 Bc8 33. g5 Ka7 34. gxh6 gxh6
35. f5 exf5 36. Bxh6 f4 37. Bxf4 Qd7 38. Kg1 Nc6 39. Be3 f6 40. h6 fxe5 41.
dxe5 Nxe5 42. h7 Bf6 43. Qxa5+ 1-0

[Event "CCM8 - 15. ORDIX Open"]
[Site "Mainz"]
[Date "2008.??.??"]
[Round "5"]
[White "Naiditsch, Arkadij"]
[Black "Jaracz, Pawel"]
[Result "0-1"]
[WhiteElo "2669"]
[BlackElo "2501"]
[PlyCount "90"]
[EventDate "2008.??.??"]
[EventType "rapid"]
[EventRounds "11"]
[EventCountry "GER"]
[Source "Mike Rosa"]
[SourceDate "2009.01.01"]

1. e4 c5 2. Nf3 e6 3. d4 cxd4 4. Nxd4 a6 5. Bd3 Bc5 6. Nb3 Ba7 7. Qe2 Nc6 8.
Be3 d6 9. N1d2 Nge7 10. O-O e5 11. a4 O-O 12. Nc4 Bxe3 13. Nxe3 Be6 14. Bc4 Na5
15. Nxa5 Qxa5 16. Rfd1 Rad8 17. c3 h6 18. g3 Kh8 19. h4 Bxc4 20. Qxc4 f5 21.
Qe6 Qc7 22. exf5 Rf6 23. Qc4 Qd7 24. Qe4 Nxf5 25. Nd5 Rf7 26. Rd2 Qc6 27. Rad1
Rdf8 28. Qb4 b5 29. axb5 axb5 30. Qe4 Qc5 31. b4 Qa7 32. Kg2 Qb7 33. Re2 h5 34.
Rdd2 Qc8 35. Ra2 g6 36. Ra5 Qc6 37. Kg1 Kg7 38. Qd3 Rb8 39. Re4 Nh6 40. Ne3 Nf5
41. Nxf5+ gxf5 42. Re2 f4 43. Rea2 fxg3 44. fxg3 Rbf8 45. Qe3 $4 (45. Qxb5 $142
Qxc3 46. Kg2 $8 Qd4 47. Qd5 $1 Qxb4 48. Ra7 $17) 45... Rf1+ 0-1

[Event "CCM8 - 15. ORDIX Open"]
[Site "Mainz"]
[Date "2008.??.??"]
[Round "5"]
[White "Nepomniachtchi, Ian"]
[Black "Morawietz, Dieter"]
[Result "1-0"]
[WhiteElo "2602"]
[BlackElo "2449"]
[PlyCount "48"]
[EventDate "2008.??.??"]
[EventType "rapid"]
[EventRounds "11"]
[EventCountry "GER"]
[Source "Mike Rosa"]
[SourceDate "2009.01.01"]

1. e4 c5 2. Nf3 e6 3. d4 cxd4 4. Nxd4 Nf6 5. Nc3 d6 6. Be3 Be7 7. g4 h6 8. h4
Nc6 9. Rg1 d5 10. Bb5 Bd7 11. exd5 Nxd5 12. Nxd5 exd5 13. g5 hxg5 14. hxg5 Rh4
15. Bxc6 bxc6 16. Qd2 c5 17. Nf3 Rb4 18. g6 d4 19. gxf7+ Kxf7 20. Ne5+ Kg8 21.
O-O-O Bf6 22. Bg5 Be6 23. Nc6 Qd5 24. Nxb4 Qd8 1-0

[Event "CCM8 - 15. ORDIX Open"]
[Site "Mainz"]
[Date "2008.??.??"]
[Round "5"]
[White "Polzin, Rainer"]
[Black "Tregubov, Pavel"]
[Result "0-1"]
[WhiteElo "2520"]
[BlackElo "2668"]
[PlyCount "96"]
[EventDate "2008.??.??"]
[EventType "rapid"]
[EventRounds "11"]
[EventCountry "GER"]
[Source "Mike Rosa"]
[SourceDate "2009.01.01"]

1. e4 c5 2. Nc3 e6 3. Nf3 Nc6 4. d4 cxd4 5. Nxd4 Qc7 6. Be2 a6 7. O-O Nf6 8.
Kh1 Nxd4 9. Qxd4 Bc5 10. Qd3 b5 11. Bg5 Bb7 12. a3 b4 13. axb4 Bxb4 14. Ra4
Bxc3 15. bxc3 Bc6 16. Rd4 a5 17. f4 a4 18. c4 Qb7 19. Bf3 a3 20. Qb3 O-O 21.
Qxb7 Bxb7 22. Ra1 Rfb8 23. Bxf6 gxf6 24. Rd3 Bc6 25. Rb3 Rxb3 26. cxb3 a2 27.
e5 fxe5 28. fxe5 Ra3 29. Bxc6 dxc6 30. Kg1 c5 31. Kf2 Kg7 32. Ke2 Kg6 33. Kd2
Kf5 34. Kc3 Kxe5 35. Kb2 Ra7 36. Rxa2 Rxa2+ 37. Kxa2 Kd4 38. Kb2 Kd3 39. g4 e5
40. b4 Kxc4 41. bxc5 Kxc5 42. Kc3 e4 43. g5 Kd5 44. Kd2 Ke5 45. Ke3 Kf5 46. h4
Ke5 47. Ke2 Kf4 48. Kf2 Ke5 0-1

[Event "CCM8 - 15. ORDIX Open"]
[Site "Mainz"]
[Date "2008.??.??"]
[Round "6"]
[White "Bareev, Evgeny"]
[Black "Buhmann, Rainer"]
[Result "1/2-1/2"]
[WhiteElo "2659"]
[BlackElo "2561"]
[PlyCount "89"]
[EventDate "2008.??.??"]
[EventType "rapid"]
[EventRounds "11"]
[EventCountry "GER"]
[Source "Mike Rosa"]
[SourceDate "2009.01.01"]

1. d4 d5 2. c4 c6 3. Nf3 Nf6 4. e3 a6 5. Bd2 e6 6. Qc2 Nbd7 7. Nc3 Be7 8. e4
dxc4 9. e5 Nd5 10. Bxc4 b5 11. Be2 Nb4 12. Qe4 f5 13. exf6 Nxf6 14. Qb1 c5 15.
dxc5 Bxc5 16. Ne4 Nxe4 17. Qxe4 Qd5 18. Qxd5 Nxd5 19. O-O O-O 20. Rac1 Be7 21.
Bd3 Bf6 22. b3 Bd7 23. Ng5 Bxg5 24. Bxg5 Rac8 25. Bd2 Rxc1 26. Rxc1 Rc8 27.
Rxc8+ Bxc8 28. f4 Kf7 29. Kf2 Bb7 30. g3 g6 31. Be4 Bc6 32. Bc1 Ne7 33. Bd3 Bd5
34. Bb2 Nc6 35. Ke3 Nb4 36. Bb1 Nc6 37. g4 Bg2 38. h4 Bh3 39. Kf3 h5 40. gxh5
gxh5 41. Be4 Nb4 42. a4 Nd5 43. a5 Bg4+ 44. Kg3 Bd1 45. Bxd5 1/2-1/2

[Event "CCM8 - 15. ORDIX Open"]
[Site "Mainz"]
[Date "2008.??.??"]
[Round "6"]
[White "Hera, Imre Jr"]
[Black "Markowski, Tomasz"]
[Result "0-1"]
[WhiteElo "2518"]
[BlackElo "2606"]
[PlyCount "114"]
[EventDate "2008.??.??"]
[EventType "rapid"]
[EventRounds "11"]
[EventCountry "GER"]
[Source "Mike Rosa"]
[SourceDate "2009.01.01"]

1. Nf3 c5 2. c4 g6 3. d4 Bg7 4. e4 Qb6 5. dxc5 Qxc5 6. Be2 d6 7. O-O Bg4 8. Be3
Qb4 9. Nc3 Nf6 10. a3 Qa5 11. b4 Qd8 12. c5 O-O 13. cxd6 exd6 14. Qd2 Nc6 15.
h3 Bxf3 16. Bxf3 Qe7 17. Rac1 a5 18. b5 Ne5 19. Be2 Rfc8 20. Nd5 Nxd5 21. Qxd5
g5 22. b6 a4 23. Rxc8+ Rxc8 24. Rc1 Rxc1+ 25. Bxc1 h6 26. Bb5 g4 27. hxg4 Nxg4
28. Bf4 Be5 29. Bxe5 dxe5 30. Be2 Nf6 31. Qa5 Kg7 32. Qxa4 Qc5 33. Qb5 Qd4 34.
Bf3 Nd7 35. Qd5 Qxd5 36. exd5 f5 37. d6 e4 38. Bd1 Nxb6 39. f3 Kf6 40. fxe4
fxe4 41. Bg4 Nc4 42. d7 Ke7 43. a4 Nb6 44. Bf5 Nxa4 45. Bxe4 Nc5 46. Bf5 Nxd7
47. Kf2 Nc5 48. Ke3 Kf6 49. Bc2 Ke5 50. Kd2 Kd4 51. g4 b5 52. Bf5 b4 53. Kc2
Kc4 54. Bg6 b3+ 55. Kb2 Kb4 56. Bb1 Nd7 57. Bf5 Ne5 0-1

[Event "CCM8 - 15. ORDIX Open"]
[Site "Mainz"]
[Date "2008.??.??"]
[Round "6"]
[White "Jaracz, Pawel"]
[Black "Eljanov, Pavel"]
[Result "0-1"]
[WhiteElo "2501"]
[BlackElo "2716"]
[PlyCount "205"]
[EventDate "2008.??.??"]
[EventType "rapid"]
[EventRounds "11"]
[EventCountry "GER"]
[Source "Mike Rosa"]
[SourceDate "2009.01.01"]

1. c4 Nf6 2. Nc3 e5 3. Nf3 Nc6 4. d4 exd4 5. Nxd4 Bb4 6. g3 Bxc3+ 7. bxc3 d6 8.
Bg2 Ne5 9. f4 Ned7 10. O-O O-O 11. e4 Re8 12. Re1 Nb6 13. e5 Nfd7 14. exd6
Rxe1+ 15. Qxe1 cxd6 16. Qe2 Nc5 17. f5 Bd7 18. Bf4 Qf6 19. Re1 h6 20. g4 Re8
21. Qf1 Rxe1 22. Qxe1 Nxc4 23. Qg3 Bc6 24. g5 hxg5 25. Bxg5 Qe5 26. Bf4 Qf6 27.
Bg5 Qe5 28. Bf4 Qe7 29. Bxc6 bxc6 30. Nxc6 Qe4 31. Bh6 g6 32. Nd4 Ne5 33. fxg6
fxg6 34. Qf2 Qg4+ 35. Kh1 Qd1+ 36. Kg2 Qg4+ 37. Kh1 Nf7 38. Be3 Ne4 39. Qf3
Qxf3+ 40. Nxf3 Nxc3 41. Bxa7 Nxa2 42. Kg2 Nc3 43. h4 Ne4 44. Bd4 Nd8 45. Kh3
Ne6 46. Be3 Kf7 47. Kg4 Nf6+ 48. Kh3 Nd5 49. Bd2 Nf6 50. Be3 Ng7 51. Ng5+ Ke7
52. Bd4 Nf5 53. Bb2 d5 54. Nf3 Ke6 55. Ne5 Ne7 56. Kg3 Kf5 57. Nf3 Ne4+ 58. Kh3
Nc6 59. Ne1 Nc5 60. h5 gxh5 61. Kh4 Kg6 62. Ba3 Ne6 63. Nd3 d4 64. Bd6 Kh6 65.
Ba3 Kg6 66. Bd6 Kh6 67. Ba3 Na5 68. Bc1+ Kg6 69. Ne5+ Kf5 70. Nf3 Kg6 71. Ne5+
Kf5 72. Nf3 d3 73. Kxh5 Nf4+ 74. Kh4 Nb3 75. Ne1 Ng2+ 76. Nxg2 Nxc1 77. Kg3 d2
78. Ne3+ Ke4 79. Kf2 Kd3 80. Nd1 Nb3 81. Kf3 Nd4+ 82. Kf4 Kc2 83. Nf2 Ne2+ 84.
Ke3 Ng3 85. Kf4 Nh1 86. Ng4 Kd3 87. Ne3 Nf2 88. Kf3 Ne4 89. Nd1 Ng5+ 90. Kf4
Ne6+ 91. Kf3 Nd4+ 92. Kf4 Ke2 93. Nb2 Nc6 94. Ke4 Nb4 95. Kd4 Nc2+ 96. Kc3 Ne3
97. Kd4 Nc2+ 98. Kc3 Ne1 99. Kd4 Nd3 100. Na4 Ke1 101. Nc3 Nf4 102. Ke4 Ne2
103. Ke5 0-1

[Event "CCM8 - 15. ORDIX Open"]
[Site "Mainz"]
[Date "2008.??.??"]
[Round "6"]
[White "Potkin, Vladimir"]
[Black "Glek, Igor"]
[Result "1-0"]
[WhiteElo "2636"]
[BlackElo "2512"]
[PlyCount "69"]
[EventDate "2008.??.??"]
[EventType "rapid"]
[EventRounds "11"]
[EventCountry "GER"]
[Source "Mike Rosa"]
[SourceDate "2009.01.01"]

1. d4 e6 2. e4 d5 3. Nc3 Nf6 4. e5 Nfd7 5. f4 c5 6. Nf3 Nc6 7. Be3 Be7 8. Qd2
O-O 9. Be2 a6 10. O-O b5 11. a3 Qb6 12. Rad1 Bb7 13. Kh1 Rac8 14. Bd3 g6 15.
Qf2 cxd4 16. Nxd4 Nxd4 17. Ne2 Nc5 18. Nxd4 Qc7 19. Qg3 Kh8 20. Qh3 Ne4 21. f5
exf5 22. Nxf5 Rcd8 23. Nd6 Nxd6 24. exd6 Bxd6 25. Bd4+ Kg8 26. Bf6 Be7 27. Bd4
Bg5 28. Qg4 h6 29. Rde1 Rde8 30. Bc3 Rxe1 31. Rxe1 Qf4 32. Qd7 Ba8 33. Rf1 Qe3
34. Bxg6 Qe6 35. Bxf7+ 1-0